Membership of the 59th Parliament - Majority of England - Statistics

General Stats
  • This quiz has been taken 6 times
  • The average score is 67 of 468
Answer Stats
Constituency Member of Parliament Party % Correct
Clacton Nigel Farage Reform
100%
Ashton-under-Lyne Angela Rayner Labour
67%
Buckingham and Bletchley Callum Anderson Labour
67%
Godalming and Ash Jeremy Hunt Conservative
67%
Ashfield Lee Anderson Reform
67%
Richmond and Northallerton Rishi Sunak Conservative
67%
South Shropshire Stuart Anderson Conservative
67%
Sleaford and North Hykeham Caroline Johnson Conservative
50%
Lancaster and Wyre Catherine Smith Labour
50%
Wokingham Clive Jones Liberal Democrat
50%
Kingston upon Hull North and Cottingham Dame Diana Johnson Labour
50%
Bristol North West Darren Jones Labour
50%
North Northumberland David Smith Labour
50%
Mid Buckinghamshire Greg Smith Conservative
50%
Manchester Withington Jeff Smith Labour
50%
Liverpool Riverside Kim Johnson Labour
50%
Aylesbury Laura Kyrke-Smith Labour
50%
Wigan Lisa Nandy Labour
50%
North East Derbyshire Louise Jones Labour
50%
St. Austell and Newquay Noah Law Labour
50%
North West Essex Olukemi Badenoch Conservative
50%
Leeds West and Pudsey Rachel Reeves Labour
50%
South West Devon Rebecca Smith Conservative
50%
Boston and Skegness Richard Tice Reform
50%
Hyndburn Sarah Smith Labour
50%
Skipton and Ripon Sir Julian Smith Conservative
50%
Havant Alan Mak Conservative
33%
South Leicestershire Alberto Costa Conservative
33%
Leeds Central and Headingley Alexander Sobel Labour
33%
Aldershot Alex Baker Labour
33%
Rutland and Stamford Alicia Kearns Conservative
33%
Mid Cheshire Andrew Cooper Labour
33%
Oxford East Anneliese Dodds Labour
33%
Birmingham Perry Barr Ayoub Khan Independent
33%
Houghton and Sunderland South Bridget Phillipson Labour
33%
North West Hampshire Christopher Malthouse Conservative
33%
Norwich South Clive Lewis Labour
33%
St. Albans Daisy Cooper Liberal Democrat
33%
Castle Point Dame E. Rebecca Harris Conservative
33%
West Worcestershire Dame Harriett Baldwin Conservative
33%
Staffordshire Moorlands Dame Karen Bradley Conservative
33%
Witham Dame Priti Patel Conservative
33%
Cambridge Daniel Zeichner Labour
33%
Stoke-on-Trent North David Williams Labour
33%
Leicester West Elizabeth Kendall Labour
33%
Tatton Esther McVey Conservative
33%
Grantham and Bourne Gareth Davies Conservative
33%
Swindon South Heidi Alexander Labour
33%
Maidstone and Malling Helen Grant Conservative
33%
Leeds South Hilary Benn Labour
33%
Braintree James Cleverly Conservative
33%
Birmingham Yardley Jessica Phillips Labour
33%
Bassetlaw Joanna White Labour
33%
Mid Derbyshire Jonathan Davies Labour
33%
Ellesmere Port and Bromborough Justin Madders Labour
33%
Bristol South Karin Smyth Labour
33%
Jarrow and Gateshead East Kate Osborne Labour
33%
Leeds North West Katie White Labour
33%
Sevenoaks Laura Trott Conservative
33%
Rochester and Strood Lauren Edwards Labour
33%
Oxford West and Abingdon Layla Moran Liberal Democrat
33%
Corby and East Northamptonshire Lee Barron Labour
33%
Manchester Central Lucy Powell Labour
33%
Manchester Rusholme M. Afzal Khan Labour
33%
Central Devon Melvyn Stride Conservative
33%
East Grinstead and Uckfield Miriam Davies Conservative
33%
Bradford West Naseem Shah Labour
33%
Gillingham and Rainham Naushabah Khan Labour
33%
Sussex Weald Nusrat Ghani Conservative
33%
Colchester Pamela Cox Labour
33%
Wolverhampton South East Patrick McFadden Labour
33%
Colne Valley Paul Davies Labour
33%
Bootle Peter Dowd Labour
33%
Hove and Portslade Peter Kyle Labour
33%
Worthing West Rebecca Cooper Labour
33%
Newark Robert Jenrick Conservative
33%
Tamworth Sarah Edwards Labour
33%
Chesham and Amersham Sarah Green Liberal Democrat
33%
Leicester South Shockat Adam Patel Independent
33%
Telford Shuan Davies Labour
33%
Wetherby and Easingwold Sir Alec Shelbrooke Conservative
33%
Bridgwater Sir Ashley Fox Conservative
33%
Harwich and North Essex Sir Bernard Jenkin Conservative
33%
Torridge and Tavistock Sir C. Geoffrey Cox Conservative
33%
Christchurch Sir Christopher Chope Conservative
33%
New Forest West Sir Desmond Swayne Conservative
33%
Gainsborough Sir Edward Leigh Conservative
33%
North Cotswolds Sir Geoffrey Clifton-Brown Conservative
33%
South Holland and The Deepings Sir John Hayes Conservative
33%
Maldon Sir John Whittingdale Conservative
33%
New Forest East Sir Julian Lewis Conservative
33%
Chorley Sir Lindsay Hoyle Speaker
33%
Hertsmere Sir Oliver Dowden Conservative
33%
Fareham and Waterlooville Sue-Ellen Braverman Conservative
33%
Birmingham Hall Green and Moseley Tahir Ali Labour
33%
Tonbridge Thomas Tugendhat Conservative
33%
Westmoreland and Lonsdale Timothy Farron Liberal Democrat
33%
Bournemouth East Tom Hayes Labour
33%
Chatham and Aylesford Tristan Osborne Labour
33%
Bath Wera Hobhouse Liberal Democrat
33%
Bolton South and Walkden Yasmin Qureshi Labour
33%
Pontefract, Castleford, and Knottingley Yvette Cooper Labour
33%
Sheffield Central Abtisam Mohamed Labour
17%
Erewash Adam Thompson Labour
17%
Waveney Valley Adrian Ramsay Green
17%
Hereford and South Herefordshire A. Jesse Norman Conservative
17%
Nottingham North and Kimberley Alexander Norris Labour
17%
Norwich North Alice Macdonald Labour
17%
Birkenhead Alison McGovern Labour
17%
Birmingham Selly Oak Alistair Carns Labour
17%
North West Leicestershire Amanda Hack Labour
17%
Portsmouth North Amanda Martin Labour
17%
St. Ives Andrew George Liberal Democrat
17%
Gorton and Denton Andrew Gwynne Labour
17%
Middlesbrough and Thornaby East Andrew McDonald Labour
17%
Sutton Coldfield Andrew Mitchell Conservative
17%
South West Wiltshire Andrew Murrison Conservative
17%
Fylde Andrew Snowden Conservative
17%
Stretford and Urmston Andrew Western Labour
17%
Shipley Anna Dixon Labour
17%
Frome and East Somerset Anna Sabine Liberal Democrat
17%
Chester South and Eddisbury Aphra Brandreth Conservative
17%
Derby South Baggy Shanker Labour
17%
North Cornwall Benedict Maguire Liberal Democrat
17%
Huntingdon Benjamin Obese-Jecty Conservative
17%
Runnymede and Weybridge Benjamin Spencer Liberal Democrat
17%
Mid Bedfordshire Blake Stephenson Conservative
17%
Bristol Central Carla Denyer Green
17%
Romsey and Southampton North Caroline Nokes Conservative
17%
South Devon Caroline Voaden Liberal Democrat
17%
Stourbridge Cat Eccles Labour
17%
Derby North Catherine Atkinson Labour
17%
Bridlington and The Wolds Charles Dewhirst Conservative
17%
Newcastle upon Tyne Central and West Chinyelu Onwurah Labour
17%
East Surrey Claire Coutinho Conservative
17%
Thornbury and Yate Claire Young Liberal Democrat
17%
Sheffield South East Clive Betts Labour
17%
Wallasey Dame Angela Eagle Labour
17%
Gosport Dame Caroline Dinenage Conservative
17%
Liverpool Walton Daniel Carden Labour
17%
Barnsley North Daniel Jarvis Labour
17%
East Wiltshire Daniel Kruger Conservative
17%
North East Somerset and Hanham Dan Norris Labour
17%
Lichfield Dave Robertson Labour
17%
Exmouth and Exeter East David Reed Conservative
17%
Hemel Hempstead David Taylor Labour
17%
Oldham East and Saddleworth Deborah Abrahams Labour
17%
Melton and Syston Edward Argar Conservative
17%
Doncaster North Edward Miliband Labour
17%
West Dorset Edward Morello Liberal Democrat
17%
North Herefordshire Eleanor Chowns Green
17%
Heywood and Middleton North Elsie-Jane Blundell Labour
17%
Milton Keynes Central Emily Darlington Labour
17%
South Shields Emma Lewell-Buck Labour
17%
Henley and Thame Frederick van Mierlo Liberal Democrat
17%
Wellingborough and Rushden Genevieve Kitchen Labour
17%
Mid Norfolk George Freeman Conservative
17%
Taunton and Wellington Gideon Amos Liberal Democrat
17%
Sheffield Brightside and Hillsborough Gillian Furniss Labour
17%
Easington Grahame Morris Labour
17%
Blackley and Middleton South Graham Stringer Labour
17%
Beverly and Holderness Graham Stuart Conservative
17%
Farnham and Bordon Greg Stafford Conservative
17%
Lincoln Hamish Falconer Labour
17%
Epsom and Ewell Helen Maguire Liberal Democrat
17%
North Shropshire Helen Morgan Liberal Democrat
17%
Faversham and Mid Kent Helen Whately Conservative
17%
Liverpool West Derby Ian Byrne Labour
17%
Dewsbury and Batley Iqbal Mohamed Independent
17%
Windsor Jack Rankin Conservative
17%
South Suffolk James Cartlidge Conservative
17%
South Basildon and East Thurrock James McMurdock Reform
17%
Widnes and Halewood J. Derek Twigg Labour
17%
Dartford Jim Dickson Labour
17%
Hexham Joe Morris Labour
17%
Isle of Wight East Joe Robertson Conservative
17%
Salisbury John Glen Conservative
17%
Rawmarsh and Conisbrough John Healey Labour
17%
Normanton and Hemsworth Jon Trickett Labour
17%
Whitehaven and Workington Josh MacAlister Labour
17%
Hertford and Stortford Joshua Dean Labour
17%
Bradford South Judith Cummins Labour
17%
Kingston upon Hull East Karl Turner Labour
17%
Weald of Kent Katie Lam Conservative
17%
Bristol East Kerry McCarthy Labour
17%
Thrisk and Malton Kevin Hollinrake Conservative
17%
Sittingbourne and Sheppey Kevin McKenna Labour
17%
Bolton North East Kirith Entwistle Labour
17%
Birmingham Northfield Laurence Turner Labour
17%
Sunderland Central Lewis Atkinson Labour
17%
Birmingham Hodge Hill and Solihull North Liam Byrne Labour
17%
Spelthorne Lincoln Jopp Conservative
17%
Amber Valley Linsey Farnsworth Labour
17%
Eastleigh Liz Jarvis Liberal Democrat
17%
Blackpool North and Fleetwood Lorraine Beavers Labour
17%
Sheffield Heeley Louise Haigh Labour
17%
Northampton North Lucy Rigby Labour
17%
York Outer Luke Charters Labour
17%
Hinckley and Bosworth Luke Evans Conservative
17%
Plymouth Sutton and Devonport Luke Pollard Labour
17%
Stratford-on-Avon Manuela Perteghella Liberal Democrat
17%
Liverpool Garston Maria Eagle Labour
17%
St. Helens South and Whiston Marie Rimmer Labour
17%
Gateshead Central and Whickham Mark Ferguson Labour
17%
Rayleigh and Wickford Mark Francois Conservative
17%
Wyre Forest Mark Garnier Conservative
17%
The Wrekin Mark Pritchard Conservative
17%
Brigg and Immingham Martin Vickers Conservative
17%
Stockton West Matthew Vickers Conservative
17%
Warwick and Leamington Matthew Western Labour
17%
Ribble Valley Maya Ellis Labour
17%
Great Grimsby and Cleethorpes Melanie Onn Labour
17%
Blaydon and Consett M. Elizabeth Twist Labour
17%
Runcorn and Helsby Michael Amesbury Labour
17%
Gedling Michael Payne Labour
17%
Dover and Deal Michael Tapp Labour
17%
Kingswinford and South Staffordshire Michael Wood Conservative
17%
Sherwood Forest Michelle Welsh Labour
17%
Tunbridge Wells Mike Martin Liberal Democrat
17%
Bedford Mohammad Yasin Labour
17%
Meriden and Solihull East M. Saqib Bhatti Conservative
17%
Poole Neil Duncan-Jordan Labour
17%
Central Suffolk and North Ipswich Patrick Spencer Conservative
17%
Liverpool Wavertree Paula Barker Labour
17%
South Ribble Paul Foster Labour
17%
Camborne and Redruth Perran Moon Labour
17%
Bury St. Edmunds and Stowmarket Peter Prinsley Labour
17%
Bracknell Peter Swallow Labour
17%
East Thanet Polly Billington Labour
17%
York Central Rachael Maskell Labour
17%
Luton South and South Bedfordshire Rachel Hopkins Labour
17%
North Warwickshire and Bedworth Rachel Taylor Labour
17%
Salford Rebecca Long-Bailey Labour
17%
Honiton and Sidmouth Richard Foord Liberal Democrat
17%
Keighley and Ilkley Robert Moore Conservative
17%
Canterbury Rosemary Duffield Labour
17%
Great Yarmouth Rupert Lowe Reform
17%
Chester North and Neston Samantha Dixon Labour
17%
Bishop Auckland Samuel Rushworth Labour
17%
South Northamptonshire Sarah Bool Conservative
17%
Rotherham Sarah Champion Labour
17%
Congleton Sarah Russell Labour
17%
Birmingham Ladywood Shabana Mahmood Labour
17%
Leicester East Shivani Raja Conservative
17%
Brighton Pavilion Sian Berry Green
17%
North Dorset Simon Hoare Conservative
17%
Stroud Simon Opher Labour
17%
Goole and Pocklington Sir David Davis Conservative
17%
Stone, Great Wyrley, and Penkridge Sir Gavin Williamson Conservative
17%
Kenilworth and Southam Sir Jeremy Wright Conservative
17%
Barnsley South Stephanie Peacock Labour
17%
North East Cambridgeshire Stephen Barclay Conservative
17%
Torbay Stephen Darling Liberal Democrat
17%
Portsmouth South Stephen Morgan Labour
17%
Mansfield Steve Yemm Labour
17%
Daventry Stuart Andrew Conservative
17%
Slough Tanmanjeet Dhesi Labour
17%
Wells and Mendip Hills Tessa Munt Liberal Democrat
17%
Harrogate and Knaresborough Thomas Gordon Liberal Democrat
17%
Cheadle Tom Morrison Liberal Democrat
17%
East Worthing and Shoreham Tom Rutland Labour
17%
Walsall and Bloxwich Valerie Vaz Labour
17%
Louth and Horncastle Victoria Atkins Conservative
17%
Aldridge-Brownhills Wendy Morton Conservative
17%
Sefton Central William Esterson Labour
17%
Coventry South Zarah Sultana Labour
17%
Tewkesbury A. Cameron Thomas Liberal Democrat
0%
Yeovil Adam Dance Liberal Democrat
0%
Newcastle-under-Lyme Adam Jogee Labour
0%
Blackburn Adnan Hussain Independent
0%
Newton Aycliffe and Spennymoor Alan Strickland Labour
0%
Stockton North Alexander Cunningham Labour
0%
Dunstable and Leighton Buzzard Alexandra Mayer Labour
0%
Halesowen Alex Ballinger Labour
0%
North East Hampshire Alex Brewer Liberal Democrat
0%
Gloucester Alex McIntyre Labour
0%
Mid Sussex Alison Bennett Liberal Democrat
0%
Bognor Regis and Littlehampton Alison Griffiths Conservative
0%
Scarborough and Whitby Alison Hume Labour
0%
Hitchin Alistair Strathern Labour
0%
Stoke-on-Trent South Allison Gardner Labour
0%
Welwyn Hatfield Andrew Alan Lewin Labour
0%
Arundel and South Downs Andrew Griffith Conservative
0%
Peterborough Andrew Pakes Labour
0%
Rossendale and Darwen Andy MacNae Labour
0%
South East Cornwall Anna Gelderd Labour
0%
Redcar Anna Turley Labour
0%
Knowsley Anneliese Midgley Labour
0%
Tipton and Wednesbury Antonia Bance Labour
0%
Huddersfield Barry Sheerman Labour
0%
Southend East and Rochford Bayo Alaba Labour
0%
South Norfolk Ben Goldsborough Labour
0%
Bromsgrove Bradley Thomas Conservative
0%
Melksham and Devizes Brian Mathew Liberal Democrat
0%
Bicester and Woodstock Calum Miller Liberal Democrat
0%
Newcastle upon Tyne North Catherine McKinnell Labour
0%
Witney Charles Maynard Liberal Democrat
0%
Ely and East Cambridgeshire Charlotte Cane Liberal Democrat
0%
Warrington North Charlotte Nichols Labour
0%
Dorking and Horley Chris Coghlan Liberal Democrat
0%
Milton Keynes North Chris Curtis Labour
0%
North East Hertfordshire Chris Hinchliff Labour
0%
Bury South Christian Wakeford Labour
0%
Redditch Christopher Bloore Labour
0%
Blackpool South Christopher Webb Labour
0%
Harlow Chris Vince Labour
0%
Brighton Kemptown and Peacehaven Chris Ward Labour
0%
Filton and Bradley Stoke Claire Hazelgrove Labour
0%
Crewe and Nantwich Connor Naismith Labour
0%
Altrincham and Sale West Connor Rand Labour
0%
St. Helens North Conor McGinn Labour
0%
East Hampshire Damian Hinds Conservative
0%
Bristol North East Damien Egan Labour
0%
Weston-super-Mare Daniel Aldridge Labour
0%
Winchester Danny Chambers Liberal Democrat
0%
Southampton Itchen Darren Paffey Labour
0%
Southend West and Leigh David Burton-Sampson Labour
0%
Surrey Heath Dr. Alasdair Pinkerton Liberal Democrat
0%
Loughborough Dr. Jeevun Sandher Labour
0%
Gravesham Dr. Lauren Sullivan Labour
0%
Cramlington and Killlingworth Emma Foody Labour
0%
Kingston upon Hull West and Haltemprice Emma Hardy Labour
0%
Wycombe Emma Reynolds Labour
0%
Leeds North East Fabian Uziell-Hamilton Labour
0%
Plymouth Moor View Frederick Thomas Labour
0%
South West Hertfordshire Gagan Mohindra Conservative
0%
Stoke-on-Trent Central Gareth Snell Labour
0%
Smethwick Gurinder Josan Labour
0%
Hastings and Rye Helena Dollimore Labour
0%
Blyth and Ashington Ian Lavery Labour
0%
North Devon Ian Roome Liberal Democrat
0%
St. Neots and Mid Cambridgeshire Ian Sollom Liberal Democrat
0%
Bradford East Imran Hussain Labour
0%
Ipswich Jack Abbott Labour
0%
Burton and Uttoxeter Jacob Collier Labour
0%
Ossett and Denby Dale Jade Botterill Labour
0%
Rother Valley Jake Richards Labour
0%
Bury North James Frith Labour
0%
Lewes James MacCleary Liberal Democrat
0%
Oldham West, Chadderton, and Royton James McMahon Labour
0%
Rushcliffe James Naish Labour
0%
North West Norfolk James Wild Conservative
0%
Truro and Falmouth Jayne Kirkham Labour
0%
Thurrock Jennifer Craft Labour
0%
Suffolk Coastal Jennifer Riddell-Carpenter Labour
0%
Broadland and Fakenham Jerome Mayhew Conservative
0%
Lowestoft Jessica Asato Labour
0%
Chichester Jessica Brown-Fuller Liberal Democrat
0%
Bournemouth West Jessica Toale Labour
0%
Newton Abbot J. Martin Wrigley Liberal Democrat
0%
Leigh and Atherton Joanne Platt Labour
0%
Nuneaton Jodie Gosling Labour
0%
Horsham John Milne Liberal Democrat
0%
Rugby John Slinger Labour
0%
Derbyshire Dales John Whitby Labour
0%
Hartlepool Jonathan Brash Labour
0%
Pendle and Clitheroe Jonathan Hinder Labour
0%
Stalybridge and Hyde Jonathan Reynolds Labour
0%
High Peak Jon Pearce Labour
0%
Makerfield Josh Simons Labour
0%
Eastbourne Joshua Babarinde Liberal Democrat
0%
Calder Valley Joshua Fenton-Glynn Labour
0%
Cannock Chase Joshua Newbury Labour
0%
Maidenhead Joshua Reynolds Liberal Democrat
0%
Beaconsfield Joyce Morrissey Conservative
0%
Shrewsbury Julia Buckley Labour
0%
Carlisle Julie Minns Labour
0%
Broxtowe Juliet Campbell Labour
0%
Halifax Kate Dearden Labour
0%
Selby Keir Mather Labour
0%
Stevenage Kevin Bonavia Labour
0%
Bexhill and Battle Kieran Mullan Conservative
0%
Spen Valley Kim Leadbeater Labour
0%
Newbury Lee Dillon Liberal Democrat
0%
Doncaster East and the Isle of Axholme Lee Pitcher Labour
0%
Stafford Leigh Ingham Labour
0%
Broxbourne Lewis Cocking Conservative
0%
Nottingham South Lilian Greenwood Labour
0%
Hazel Grove Lisa Smart Liberal Democrat
0%
Morecambe and Lunesdale Lizzi Collinge Labour
0%
South Dorset Lloyd Hatton Labour
0%
Darlington Lola McEvoy Labour
0%
North Durham Luke Akehurst Labour
0%
Basingstoke Luke Murphy Labour
0%
Middlesbrough South and East Cleveland Luke Myer Labour
0%
Brentwood and Ongar M. Alex Burghart Conservative
0%
Chelmsford Marie Goldman Liberal Democrat
0%
Penistone and Stocksbridge Marie Tidball Labour
0%
Leeds South West and Morley Mark Sewards Labour
0%
Penrith and Solway Markus Campbell-Savours Labour
0%
Coventry East Mary Creagh Labour
0%
City of Durham Mary Foy Labour
0%
Newcastle upon Tyne East and Wallsend Mary Glindon Labour
0%
Forest of Dean Matt Bishop Labour
0%
Wirral West Matthew Patrick Labour
0%
Reading Central Matthew Rodda Labour
0%
Watford Matthew Turmaine Labour
0%
Cheltenham Maximillian Wilkinson Liberal Democrat
0%
Wythenshawe and Sale East Michael Kane Labour
0%
Worsley and Eccles Michael Wheeler Labour
0%
Barrow and Furness Michelle Scrogham Labour
0%
Northampton South Mike Reader Labour
0%
Esher and Walton Monica Harding Liberal Democrat
0%
Chesterfield M. Toby Perkins Labour
0%
Nottingham East Nadia Whittome Labour
0%
Bolsover Natalie Fleet Labour
0%
Stockport Navendu Mishra Labour
0%
Epping Forest Neil Hudson Conservative
0%
Harborough, Oadby, and Wigston Neil O'Brien Conservative
0%
Solihull West and Shirley Neil Shastri-Hurst Conservative
0%
West Suffolk Nicholas Timothy Conservative
0%
Droitwich and Evesham Nigel Huddleston Conservative
0%
Burnley Oliver Ryan Labour
0%
Reading West and Mid Berkshire Olivia Bailey Labour
0%
Sheffield Hallam Olivia Blake Labour
0%
Didcot and Wantage Olly Glover Liberal Democrat
0%
Southport Patrick Hurley Labour
0%
Birmingham Erdington Paulette Hamilton Labour
0%
Hamble Valley Paul Holmes Conservative
0%
Rochdale Paul Waugh Labour
0%
Mid Leicestershire Peter Bedford Conservative
0%
Crawley Peter Lamb Labour
0%
Bolton West Phil Brickell Labour
0%
South Cambridgeshire Phillippa Heylings Liberal Democrat
0%
Birmingham Edgbaston Preet Gill Labour
0%
Tiverton and Minehead Rachel Gilmour Liberal Democrat
0%
West Lancashire R. Ashley Dalton Labour
0%
Reigate Rebecca Paul Conservative
0%
Leeds East Richard Burgon Labour
0%
North Bedfordshire Richard Fuller Conservative
0%
Basildon and Billericay Richard Holden Conservative
0%
Isle of Wight West Richard Quigley Labour
0%
South Cotswolds Rosalind Savage Liberal Democrat
0%
Kettering Rosie Wrighting Labour
0%
North Somerset Sadik Al-Hassan Labour
0%
Doncaster Central Sally Jameson Labour
0%
South Derbyshire Samantha Niblett Labour
0%
North West Cambridgeshire Sam Carling Labour
0%
West Bromwich Sarah Coombes Labour
0%
Glastonbury and Somerton Sarah Dyke Liberal Democrat
0%
Chippenham Sarah Gibson Liberal Democrat
0%
Warrington South Sarah Hall Labour
0%
Luton North Sarah Owen Labour
0%
Southampton Test Satvir Kaur Labour
0%
Banbury Sean Woodcock Labour
0%
Washington and Gateshead South Sharon Hodgson Labour
0%
Wakefield and Rothwell Simon Lightwood Labour
0%
Tynemouth Sir Alan Campbell Labour
0%
Preston Sir Mark Hendrick Labour
0%
Scunthorpe Sir Nicholas Dakin Labour
0%
Herne Bay and Sandwich Sir Roger Gale Conservative
0%
Ashford Sojan Joseph Labour
0%
Dudley Sonia Kumar Labour
0%
North Norfolk Steffan Aquarone Liberal Democrat
0%
Exeter Steve Race Labour
0%
Wolverhampton North East Sureena Brackenridge Labour
0%
Coventry North West Taiwo Owatemi Labour
0%
South West Norfolk Terry Jermy Labour
0%
Worcester Thomas Collins Labour
0%
Macclesfield Tim Roca Labour
0%
Folkestone and Hythe Tony Vaughan Labour
0%
Harpenden and Berkhamsted Victoria Collins Liberal Democrat
0%
Mid Dorset and North Poole Vikki Slade Liberal Democrat
0%
Wolverhampton West Warinder Juss Labour
0%
Woking William Forster-Warner Liberal Democrat
0%
Swindon North Will Stone Labour
0%
Earley and Woodley Yuan Yang Labour
0%
Guildford Zoe Franklin Liberal Democrat
0%
No matching quizzes found
Score Distribution
Percent of People with Each Score
Percentile by Number Answered
Your Score History
You have not taken this quiz